000 00615nam a2200181Ia 4500
001 23564
005 20260414150945.0
008 260414t2010||||xx |||||||||||||| ||spa||
041 _aESP
082 _a664.8
_bE56
100 _aEncina Zelada, Christian René
_eAUT
245 0 _aInfluencia del descerado y composición del almíbar en la optimización del tratamiento térmico de la conserva de aguaymanto (Phydalis peruvian, Linnaeus,1753) para mayor retención del ácido ascórbico
_b
260 _c2010
300 _a174 páginas :
_c24 cm.
650 _aTCA
654 _aCII
942 _cLIB
_dJUS
_fJUS
_2ddc
_n
999 _c23564
_d23564